00922nam a2200265 a 450000100060000000300080000600500170001400800410003103500230007203500190009503500170011404000270013104100080015808200220016610000540018824500740024226000300031630000460034650400300039265000380042265000270046094200120048799900170049995201400051644555BD-RjUL20211209053859.0180716s1927 nyu 000 0 eng  a(OCoLC)ocm01266099 a(BD-RjUL)44673 a(NNC)1548224 aDLCcILUdBD-RjULbeng aeng a132.082bTAR 19271 aTaylor, W. S.q(William Sentman),d1894-,913670610aReadings in abnormal psychology and mental hygiene /cby W. S. Taylor aLondon :bAppleton,c1927 axxxiii, 789 p.:billus., diagrs.;c23 cm. aBibliography: p. 755-769. 0aPsychology, Pathological.9136707 0aMental health.9136708 2ddccBK c44555d44555 00102ddc40708NFICaRUCLbRUCLcStackd1956-05-26eProf,Zahidig12.00l0o132.082 TAR 1927r2016-07-18 00:00:00tC-2w2016-07-18yBK